000 00888nam a2200253 a 4500
005 20090727134517.0
008 020822s2002 ii a b 001 0 eng
010 _aENG-94574
020 _a9788171772179
_c1290.00
035 _aEN-78107
037 _bDBAD / PUB
040 _adpl
_bEnglish
082 _a345.54
100 _aMallick, M.R.
245 _aA.N. Saha criminal reference /
_cby M.R. Mallick; assisted by R.K. Bag
250 _a6th ed.
260 _aNew Delhi
_bEastern Law House
_c2009
270 _a54, Ganesh Chunder Avenue,
_bKolkatta
_e110013
300 _a8, 2006p.
_c24cm(Hb)
500 _aIncludes index
650 _aCriminal law
_zIndia
942 _2ddc
_cEN
_mMAL
_h345.
999 _c28711
_d28711